000 00638nam a2200205Ia 4500
003 GCL
008 140319s9999 xx 000 0 ara d
040 _aGCL /
_cGCL
082 0 4 _a810.9
_bم د
100 1 _aمحمد عبدالمنعم خفاجى
245 1 0 _aدراسات فى الادب الجاهلى والاسلامى /
_cمحمد عبدالمنعم خفاجى
260 _a[S.N] :
_bدار الجيل ،
_c1992
300 _a331 ص
490 _a
650 0 4 _aالشعر العربى
650 0 4 _aالادب العربى
650 0 4 _aالعصر الجاهلى
650 0 4 _aالنثر العربى
942 _2ddc
_cBK
999 _c57977
_d57977